00541nam a22001817a 450000500170000001000150001702000260003203500140005803700130007208200110008510000210009624500760011725000120019326000340020527000680023930000320030750000200033920170717155901.0 aENG-119225 a9788120353435c595.00 aEN-102757 bDBAD/PUB a657.48 aNarayanaswamy,R. a Financial accounting :cby R.Narayanaswamyba managerial perspective / a6th ed. aNew DelhibPHI Learningc2017 aRimjhim House, 111, Patparganj Industrial EstatebDelhie110091 axii,594p.:c24cm(pbk)bill. aIncludes index